[Event "Lasker Museum Celebration"]
[Site "Berlin"]
[Date "2005.10.20"]
[Round "?"]
[White "Deutschmann, Matthias"]
[Black "Polgar, Zsuzsa"]
[Result "0-1"]
[WhiteElo "2166"]
[BlackElo "2577"]
[Annotator "Herbrechtsmeier"]
[PlyCount "92"]
[EventDate "2005.10.20"]
[EventType "game (rapid)"]
[EventRounds "1"]
[EventCountry "GER"]
[Source "ChessBase"]
[SourceDate "2006.01.31"]

1. d4 Nf6 2. Nc3 d5 3. e4 {Das Blackmar-Diemer-Gambit} dxe4 (3... Nxe4 {
(Hübsch) ist eine gute Alternative, Weiß spielt am besten} 4. Nxe4 dxe4 5. Bc4
Nc6 (5... Bf5 6. g4 Bg6 7. Ne2) (5... e6 6. Nh3 $1) 6. Be3 (6. c3 e5 7. d5)
6... Bf5 (6... h5) 7. g4 Bg6 8. h4 h5 9. Bb5 {1/2-1/2 Herbrechtsmeier,C-Kraus/
Baden Oberliga 1975 (28)}) 4. f3 exf3 (4... Bf5 {(Wahls)}) 5. Nxf3 (5. Qxf3 $6
Qxd4 6. Be3 Qb4 (6... Qg4) 7. O-O-O Bg4 $2 {Eine bekannte Falle} 8. Nb5 $1 Na6
9. Qxb7 Qe4 10. Qxa6 Qxe3+ 11. Kb1 Qc5 12. Qb7 Bxd1 13. Qxa8+ Kd7 14. Nc3 Bg4
15. Nf3 $18) 5... Bg4 {(Teichmann)} (5... g6 6. Bc4 Bg7 7. O-O O-O 8. Qe1 {
(Studier)} Bf5 (8... Nc6) 9. Qh4 Nbd7 10. Bh6 Bxh6 11. Qxh6 Ng4 {0-1
Herbrechtsmeier,C-Filipovic,B/Schweiz 2005 (36)}) 6. h3 Bh5 ({Konsequent ist} 
6... Bxf3 7. Qxf3 c6 8. Be3 (8. Qf2 $5 {Ciesielski}) 8... e6 9. Bd3 Nbd7 10.
O-O Nb6 11. Ne4 Be7 12. c4 (12. Rf2 $1) 12... O-O 13. Rf2 Nxe4 14. Qxe4 g6 15.
Bh6 (15. Raf1 $2 Bg5 {1/2-1/2 Herbrechtsmeier,C-Costa,J/Schweiz 2004 (41)})
15... f5 $1 16. Qxe6+ Rf7 17. Be3 Bf6 18. d5 cxd5 19. Bxb6 Qxb6 20. Qxb6 axb6
21. Re2 $15) 7. g4 Bg6 (7... Nxg4 $2 8. hxg4 Bxg4 {ist ungesund:} 9. Bb5+ c6
10. Bc4 e6 11. Qd3 Bxf3 12. Qxf3 Qxd4 13. Rf1) 8. Ne5 (8. Bg2 {ist auch möglich
}) (8. Bc4 e6 9. O-O Be7 10. Qe2 O-O 11. Bf4 Nbd7 12. Bb3 {ist etwas langsam})
8... c6 {Ungenau} (8... Nbd7 9. Qf3 Nxe5 $2 10. dxe5 Nd7 11. Qxb7 (11. e6 $1
fxe6 12. Qxb7) 11... Rb8 12. Qxa7 e6 13. Bb5 {1-0 Schuh,H-Gutman,L/Bad-ch 1984
(35)}) (8... e6 9. Qf3 (9. h4 Bb4 10. Bg2 {war ein beliebtes Thema in
Fernpartien zwischen Diemer und Gunderam, entsteht aus der Zugfolge 5...Lf5 6.
Se5 e6 7.g4 Lg6 8.h4}) 9... c6 10. g5 Bh5 11. Qf2 Nfd7 12. Be2 Nxe5 13. Bxh5
Ng6 14. O-O Qd7 15. Ne4 Na6 16. c4 Nb4 17. Be3 O-O-O 18. a3 Nd3 19. Qxf7 Nxb2
20. Bg4 Re8 21. Qxd7+ Kxd7 22. Rfb1 Nxc4 23. Rxb7+ Kd8 24. Rab1 Bxa3 25. Rxa7
Ne7 26. Bxe6 Bb2 27. Rxb2 Nxb2 28. Nd6 {1-0 Herbrechtsmeier,C-Striebich,R/
Baden Oberliga 1974}) 9. h4 {Führt wieder in bekanntes Gelände} (9. Bg2 e6 10.
h4 (10. O-O $5) 10... Bb4 {führt zu bekannten Abspielen}) (9. g5 $1 Nd5 (9...
Bh5 10. Be2) 10. Qf3 Nb4 $6 (10... Nxc3 11. bxc3 {mit guter Kompensation:} Nd7
(11... e6 12. Rb1 Qc7 13. Bf4) 12. Nxg6 hxg6 13. Bg2) 11. Rh2 Qxd4 12. Nxg6
hxg6 13. Rf2 Qe5+ 14. Be3 Qf5 15. Qe2 Qe6 16. O-O-O Nxa2+ $2 17. Nxa2 Qxa2 18.
Qg4 Qa1+ 19. Kd2 Qa5+ 20. b4 Qc7 21. Bc4 e6 22. Kc1 Bxb4 23. Bxe6 Ba3+ (23...
O-O 24. Rxf7) 24. Kb1 O-O 25. Rxf7 {1-0 Leisebein,P-Ganzer,M/corr 2000 (34)})
9... e6 (9... Be4 $2 10. Nxe4 Nxe4 11. Qf3 (11. Bg2) 11... Nd6 12. Bd3 Nd7 13.
O-O f6 14. Nc4 (14. g5 $1) 14... Qc7 15. Bf4 O-O-O {0-1 Studier,G-Jacob,J/
Fussbach 1994 (19)}) (9... Nbd7 $5 10. h5 $2 (10. Qe2) 10... Nxe5 11. dxe5
Qxd1+ 12. Nxd1 Be4 13. Rg1 Nd7) 10. h5 $5 (10. Bg2 Bb4 {ist eine der
Hauptvarianten im BDG (nach 5...Lf5)} 11. Bg5 (11. O-O)) 10... Be4 (10... Bxc2
11. Qxc2 Qxd4 {ist ziemlich unklar}) 11. Nxe4 Nxe4 12. Qf3 (12. Qd3 {ist
schwächer} Nf6 13. g5 Nfd7 (13... Qd5 14. Rh4 Nfd7 15. Bf4) 14. Nf3 Bd6 {0-1
Fakler,U-Riepe,B/Germany email 2002 (34)} 15. Bg2) 12... Nd6 (12... f5 $2 13.
Qb3) (12... Qxd4 $5 {führt zu großen Komplikationen:} 13. Qxf7+ Kd8 14. Qf4
Bb4+ 15. c3 Nd7 (15... Bxc3+ $2 16. bxc3 Qxc3+ 17. Kd1 Kc8 18. Qxe4 Rd8+ 19.
Bd3 Qxa1 20. Nc4) 16. Nxd7 Bxc3+ 17. bxc3 Qxc3+ 18. Kd1 Qxa1 $6 ({Schwarz
sollte Dauerschach geben mit} 18... Qd4+) 19. Qxe4 Kxd7 20. Bc4 Raf8 21. Rh2) (
12... Bb4+ 13. c3 Qxd4 14. Qxf7+ Kd8 15. Qf4 {s.o.}) (12... Nf6 13. c3 Qd5 (
13... Nbd7 14. Nxf7 Kxf7 15. g5 Bd6 16. Bd3) 14. g5 Qxf3 15. Nxf3 Nd5 16. Bd2
Nd7 17. O-O-O O-O-O 18. c4 {mit Kompensation}) 13. Bd3 (13. Bg2 Be7 (13... h6
14. O-O $44) 14. h6 $5 g6 15. O-O O-O) (13. Bf4 h6 (13... Be7 14. h6 $5) 14.
O-O-O Be7 $14 {Polgar}) 13... f6 {Will den lästigen Springer vertreiben,
erzeugt jedoch eine dauerhafte Schwäche auf e6} (13... Be7) 14. Nc4 Nxc4 (14...
Nf7 15. Qe2 $1 (15. Bf4 Qd5 16. Rf1 Qxf3 17. Rxf3 $13 {Polgar}) 15... Qd5 16.
Rf1 (16. Be4 Qxd4 17. Bf4 Be7 18. Rd1 Qc5 19. Be3 Qb5) 16... b5 17. Nd2 {mit
Kompensation}) 15. Bxc4 Qxd4 16. Bxe6 (16. Qe2 {ist auch nicht schlecht} e5 17.
c3 Qd6 18. Bd2 $13 {Polgar}) 16... Nd7 17. Be3 Ne5 18. Qe2 Qxb2 $2 ({Richtig
ist} 18... Qd6 19. Bf5 Qd5 (19... Qb4+ 20. c3 Qc4 21. Bd4) 20. Kf2 Bc5 (20...
Be7 $15 {Polgar}) 21. Rhd1 Bxe3+ 22. Qxe3 Qb5) 19. O-O {Weiß hat 2 Bauern
geopfert, aber großen Entwicklungsvorsprung} Qa3 20. h6 $1 {Dieser starke Zug
ist der Ex-Weltmeisterin wohl entgangen. Jetzt muß sie um das Remis kämpfen!}
Rd8 $2 (20... gxh6 $2 21. Rxf6 Qe7 (21... Bg7 22. Bf7+) 22. Raf1 Bg7 23. Bf7+
Kd7 24. Re6) (20... Bc5 {vereinfacht stark:} 21. hxg7 Qxe3+ 22. Qxe3 Bxe3+ 23.
Kg2 Ke7 24. gxh8=Q Rxh8 25. Bf5 h5 26. Rh1 h4 27. Rh3) (20... Qe7 21. Bb3 gxh6
22. Rad1 $13 {Polgar} Qg7 (22... Rd8 23. Bd4) 23. Be6 Qe7 24. Bb3 {ist ein
"stilles" Remisangebot}) 21. Rad1 $2 (21. hxg7 Bxg7 22. g5 $14 {Polgar}) (21.
Bb3 {kommt sehr in Betracht} Kd7 22. Rad1+ Kc7 23. Rxd8 Kxd8 24. g5) (21. g5 $1
{Am stärksten} Rd6 (21... g6 22. gxf6 Bc5 23. f7+ Ke7 24. Bb3 Qb4 25. Bxc5+
Qxc5+ 26. Kh1 Rd4 27. Rae1 Rh4+ 28. Kg2 Rh5 29. Qd2 $18) (21... Ke7 22. Bb3 Rd6
23. Rad1 Qb4 24. Rxd6 Qxd6 25. Rd1 Qc7 26. Bf4 $18) (21... Qe7 22. hxg7 Qxg7 (
22... Bxg7 23. Qh5+ Kf8 24. Bb3) 23. Rxf6 (23. Rab1) 23... Be7 24. Qh5+ Ng6 25.
Raf1 Rf8 26. Rxf8+ Bxf8 27. Qh3) (21... Qd6 22. hxg7 (22. Bb3 Rd7 23. Rad1 Qe7
24. Bd4) 22... Bxg7 23. Qh5+ Ng6 24. Rae1) (21... Bc5 22. hxg7 (22. Bb3 $1 Rd7
23. Rad1 g6 24. gxf6 $18) 22... Qxe3+ (22... Bxe3+ 23. Kg2 Ke7 24. gxh8=Q Rxh8
25. Rxf6 Qc3 26. Re1 $18) 23. Qxe3 Bxe3+ 24. Kg2 Ke7 25. gxh8=Q Rxh8 26. Rxf6
Bxg5 27. Rf5 $14) 22. Bb3 (22. gxf6 $2 Rxe6 (22... gxf6 23. Rxf6) 23. hxg7 Bxg7
(23... Rg8 24. Qh5+ Nf7 25. Rae1 Rxe3 26. Qh3 $3) 24. fxg7 Rg8) 22... Kd8 (
22... Kd7 $14 {Polgar} 23. Bf4 $16) (22... Qb4 23. Bf4 (23. Rf4 $5)) 23. Bf4
Qc5+ 24. Kh1 Qc3 25. Rae1 c5 26. Qh5 g6 27. Qh2 c4 28. Ba4 (28. gxf6 cxb3 29.
Bxe5 Qc6+ 30. Qg2 Qxg2+ 31. Kxg2 Rd2+ 32. Kg3 Bxh6 33. cxb3 Rf8 34. f7 Kd7 35.
Rf3 Rc8 36. Re4 Bf8) 28... Qa5 (28... Re6 29. gxf6 Bd6 30. Re3 $1 Qa5 31. Rd1
Nd3 32. Rxe6 Qd5+ 33. Kg1 Qxe6 34. cxd3 Qg4+ 35. Qg3 Qxf4 36. Qxf4 Bxf4 37.
dxc4+ Kc8 38. Rd7 Bxh6 39. Kg2)) 21... Rxd1 22. Rxd1 gxh6 (22... Qe7 23. Bb3
gxh6 $13 {Polgar}) 23. Qf2 Bd6 (23... Be7 24. Kg2 $1) 24. Bb3 Rf8 (24... Ke7 $2
25. Rxd6) 25. Qf5 $2 (25. Bxa7 $13 {Polgar} Be7 (25... h5 26. Kh1 $1) 26. Qe3
Nxg4 27. Qe6 Qxa7+ 28. Kh1 Nf2+ 29. Kg2 Nxd1 30. Qc8+ Bd8 31. Qe6+ $11) (25.
Kh1 $1 b6 26. Bxh6 Qb4 27. Bxf8 Qxg4 28. Rxd6 Qh3+ 29. Qh2 Qf1+ 30. Qg1 Qh3+
$11) 25... Kd8 $8 {Gibt dem Turm das wichtige Feld e8} 26. Bxh6 (26. Rd4 Kc7)
26... Re8 27. Qxf6+ (27. g5 $5 {Eine gute Chance} fxg5 28. Bf8 Rxf8 29. Qxf8+
Kc7 30. Qg7+ Kb6 31. Kg2 Qb4 32. c4) 27... Kc7 {Jetzt steht der König sicher,
und alle Figuren sind im Spiel} 28. Bf4 Nf3+ 29. Kg2 Bxf4 30. Qxf4+ (30. Qf7+
$1 Re7 (30... Qe7 31. Qxe7+ Rxe7 32. Kxf3 {mit guten Chancen auf ein Remis -
dank der ungleichfarbigen Läufer}) 31. Qxf4+ Ne5 32. Qf8 b6 (32... Nd7 33. Qf4+
Kc8 34. Qd2 {mit der Drohung Le6}) 33. Be6 Qf3+ 34. Qxf3 Nxf3 35. Bf5 Nh4+ (
35... Ng5 36. Rh1) 36. Kg3 Nxf5+ (36... Ng6 37. Rh1) 37. gxf5 Rd7 38. Rh1 {und
das Turmendspiel ist remis}) 30... Ne5 31. Re1 {Die Fesselung bringt nichts,
Weiß sollte die Schwäche auf h7 anvisieren} ({Besser also} 31. Rh1 Qe7 (31...
Re7 32. Bg8) 32. Qf5 (32. Qe4) 32... Kb8 (32... Ng6 33. Qf7) 33. Rxh7 Qb4 34.
Rg7) 31... Qc5 (31... Qd6 $1 32. Rh1 Re7 33. Bg8 Nxg4 34. Qxd6+ (34. Qxg4 $2 {
verliert nach} Qd2+) 34... Kxd6 35. Bxh7 Ne3+ 36. Kf3 Nd5 {mit guten
Gewinnchancen für Schwarz}) 32. Re4 $2 {In der Schlußphase der Schnellpartie
war Weiß auch noch knapp an Zeit} (32. Qf5 Re7 (32... Kb8 $4 33. Be6 $18) (
32... Qe7 33. Bf7 Rf8) 33. Be6 $1 Nd7 34. Rd1 Qxf5 35. Bxf5) 32... b6 {Jetzt
hat Schwarz alles unter Kontrolle} 33. a4 (33. Qf5 Re7 {und} 34. Be6 {
funktioniert jetzt nicht mehr}) 33... Kb7 34. Qe3 {Damentausch kommt Schwarz
natürlich entgegen} Qxe3 35. Rxe3 h6 36. Kg3 Kc7 37. c3 $2 (37. Re1 {ist
hartnäckiger, z.B.} c5 38. Ba2 Re7 39. Rh1 Rg7 40. Kf4 Nxg4 41. Be6 Ne3 42.
Kxe3 Re7 43. Rxh6 Kd6 44. c4 $11) 37... Kd6 $19 38. Bc2 Rg8 39. Bf5 h5 40. Kf4
Nxg4 41. Rd3+ Kc5 42. Rd7 a5 43. Rh7 Nf6 44. Rh6 Nd5+ 45. Ke5 Re8+ 46. Be6 Nc7
0-1